[Event "22nd OIBM 2018"]
[Site "Gmund am Tegernsee"]
[Date "2018.10.27"]
[Round "1"]
[White "Zanan, Evgeny"]
[Black "Freundorfer, Josef"]
[Result "1-0"]
[WhiteElo "2514"]
[BlackElo "2114"]
[Annotator "TA"]
[PlyCount "79"]
[EventDate "2018.10.27"]
[EventType "swiss"]
[EventCountry "GER"]
[SourceTitle "playchess.com"]
[Source "ChessBase"]
[SourceQuality "1"]

{[%evp 11,79,29,47,45,43,49,76,40,74,52,74,73,106,109,114,120,203,127,202,184,202,135,219,202,250,226,276,287,509,492,697,632,650,566,1225,1200,1169,1239,1206,1191,1162,806,29988,613,1852,2015,1929,1887,1892,1791,3501,2107,29977,29978,29976,29973,29973,29974,29974,29975,3905,3529,2033,3016,2412,2318,1437,993,1127,-662]} 1. d4 Nf6 2. c4 g6 3. Nc3 Bg7 4. e4 d6 5. f3 O-O 6. Be3 Nfd7 7. Qd2 {E81: King's Indian: Sämisch: 6th move deviations (including 6 Be3 c6)} e5 (7... c5 8. d5 Qa5 9. Bh6 Bxh6 10. Qxh6 b5 11. h4 bxc4 12. h5 Nf6 13. O-O-O Qb4 14. e5 dxe5 15. d6 e6 16. Nh3 Nbd7 17. Ng5 Rb8 18. Rd2 {1-0 (18) Wang,H (2722)-Zhou,J (2652) Danzhou 2010}) 8. d5 a5 9. O-O-O {White is better.} Na6 10. g4 Ndc5 11. h4 {[%cal Bh2h4,Bh4h5][%mdl 32]} a4 $146 ({Predecessor:} 11... f5 12. Bg5 Qe8 13. gxf5 gxf5 14. h5 Rf7 15. Nh3 Kh8 16. Rg1 Nb4 {½-½ (71) Leczycki,P (2002)-Adamski,A (2269) Warsaw 2011}) 12. h5 a3 13. b3 ({Don't play} 13. hxg6 $6 axb2+ 14. Kb1 (14. Kxb2 fxg6 15. Qh2 Kf7 $11) 14... fxg6 $11) 13... Bd7 (13... c6 $16) 14. Kb1 Qe7 (14... c6 $16 15. dxc6 (15. hxg6 fxg6 16. Qh2 Kf7 $18) 15... Bxc6 16. hxg6 (16. Qxd6 Qxd6 17. Rxd6 Ne6 $18) 16... fxg6) 15. Nh3 {[%cal Bg1h3,Bh3f2,Bf2g4][%mdl 32]} Rfb8 16. g5 Rd8 (16... c6 $16 {keeps fighting.} 17. Qh2 Nb4) 17. Nf2 $18 c6 18. Bh3 Rab8 19. Bxd7 Qxd7 $2 (19... Nxd7 20. Ng4 Nf8) 20. Ng4 Nb4 (20... Qe7 $142 21. Qh2 Bh8) 21. hxg6 fxg6 22. Qh2 Bh8 23. dxc6 Qe7 {[#]} 24. c7 $1 {[%mdl 512]} Qxc7 25. Nb5 Qe7 {[#]} 26. Nf6+ $1 {[%mdl 512]} Kf7 (26... Bxf6 27. gxf6) 27. Qd2 (27. Qxh7+ $142 Bg7 28. Rh6 Nxe4 29. Qxg6+ Ke6 30. Nxe4+ Kd7 31. Rxd6+ Qxd6 32. Qxg7+ Qe7 33. Rd6+ Ke8 34. Nf6+ Qxf6 35. Nc7#) 27... Nca6 28. Rxh7+ Bg7 29. Qh2 {White wants to mate with Rxg7+!} Kf8 30. Bb6 Nc6 31. Qh3 Nc5 32. Bxd8 Rxd8 {[#]} 33. Rh8+ $1 Kf7 (33... Bxh8 34. Qxh8+) 34. Rxd8 Qxd8 35. Nxd6+ Kf8 36. Qh7 {White threatens Qg8+ and mate.White is clearly winning.} Ne7 37. Nfe8 {[%csl Ge8][%cal Rh7g7]} Ne6 38. Nxg7 Nxg7 39. Qh8+ Ng8 {[#]} 40. Qxg7+ $1 {[%mdl 41472] Precision: White = 71%, Black = 27%. . Loss on Time!?} 1-0

[Event "22nd OIBM 2018"]
[Site "Gmund am Tegernsee"]
[Date "2018.10.27"]
[Round "1"]
[White "Repka, Christopher"]
[Black "Gruettner, Ralf"]
[Result "1-0"]
[WhiteElo "2494"]
[BlackElo "2112"]
[Annotator "TA"]
[PlyCount "103"]
[EventDate "2018.10.27"]
[EventType "swiss"]
[EventCountry "GER"]
[SourceTitle "playchess.com"]
[Source "ChessBase"]
[SourceQuality "1"]

{[%evp 18,103,24,25,35,29,26,-12,42,36,45,38,49,-23,22,11,85,0,0,0,12,0,0,-4,0,-11,3,-37,-10,-35,-39,-46,-20,-32,-35,-52,-25,-44,-18,-18,-22,-40,-31,-34,0,-36,0,-34,0,-138,-54,-73,-44,-47,-56,-47,-48,-46,294,294,294,294,285,294,1030,993,1275,1275,1262,1267,1262,1267,1162,1163,1143,1097,29960,838,29958,29953,29975,29976,29979,29980,29980,29980,29986,29987]} 1. d4 Nf6 2. c4 g6 3. Nc3 Bg7 4. e4 d6 5. h3 O-O 6. Be3 e5 7. d5 Nbd7 8. g4 {E71: King's Indian: 4 e4 d6 5 h3} Nc5 9. Bg2 (9. f3 h5 10. Qd2 Nh7 11. O-O-O h4 12. Bd3 Nxd3+ 13. Qxd3 f5 14. Rh2 Kh8 15. Rg2 Bd7 16. exf5 gxf5 {½-½ (69) Caruana,F (2811)-Jones,G (2640) Wijk aan Zee 2018}) 9... a5 10. Nge2 {LiveBook: 6 Games. White has an edge.} c6 11. Ng3 cxd5 12. cxd5 b5 $146 ({Black should try} 12... Bd7 $11) ({Predecessor:} 12... a4 13. Qd2 Qa5 14. O-O b5 15. Rac1 Ba6 {½-½ (28) Zablotsky,S (2498)-Chuprov,D (2554) Krasnoyarsk 2007}) 13. Nxb5 Ba6 14. a4 Rb8 15. g5 ({Better is} 15. Bxc5 $1 $14 dxc5 16. Bf1) 15... Ne8 16. Bf1 Nc7 (16... Bxb5 $1 $11 17. axb5 Nc7) 17. Bxc5 (17. Na7 $1 $16) 17... dxc5 $11 18. Nxc7 Bxf1 19. Kxf1 {Hoping for Nb5.} Qxc7 20. Qc2 Rb4 21. Kg2 Rfb8 22. Rhc1 Bf8 23. Rab1 Qd8 24. h4 h6 25. gxh6 Qxh4 26. Rh1 Qg5 {[%mdl 1024] Black has compensation.} 27. h7+ Kh8 28. b3 R8b6 29. Qd3 Qg4 30. Qe3 Qf4 31. Qd3 Rf6 32. Qe2 Rfb6 33. Rhd1 {[#]} (33. Qd3 $11) 33... Kxh7 (33... c4 $1 $17 34. Qc2 Rxb3 35. Rxb3 Rxb3) 34. Rd3 $15 {Black should prevent Rf3.} Rf6 35. Rbd1 {[%cal Bb1d1,Bd1d3,Bd3f3,Bf3f6][%mdl 32]} Bd6 36. Rc3 Kg7 37. Rdd3 Rd4 $2 {[%mdl 8192]} (37... Qh4 $15 {stays ahead.}) 38. Rf3 $18 Qg5 39. Rxf6 Qxf6 40. Qg4 {Nh5+ would kill now.} Qd8 $2 (40... Kg8 41. Rf3 (41. Qc8+ Bf8 $14) 41... Qd8) 41. Nf5+ Kf8 42. Rh3 {[%cal Rh3h8]} Qf6 43. Nxd6 Qxd6 {[%mdl 4096] Endgame KQR-KQR} 44. Qc8+ Ke7 45. Rf3 f5 46. Rh3 {Threatening mate with Qg8.} Rxe4 47. Rh7+ Kf6 48. Rd7 {White mates.} Rg4+ 49. Kf1 Qb6 {[#]} 50. Qc6+ $1 Qxc6 51. dxc6 {[%cal Bd5c6,Bc6c7][%mdl 32]} c4 52. c7 {Precision: White = 73%, Black = 35%.} 1-0

[Event "22nd OIBM 2018"]
[Site "Gmund am Tegernsee"]
[Date "2018.10.27"]
[Round "1"]
[White "Sanal, Vahap"]
[Black "Schoetzig, Detlef"]
[Result "1-0"]
[WhiteElo "2487"]
[BlackElo "2102"]
[Annotator "TA"]
[PlyCount "63"]
[EventDate "2018.10.27"]
[EventType "swiss"]
[EventCountry "GER"]
[SourceTitle "playchess.com"]
[Source "ChessBase"]
[SourceQuality "1"]

{[%evp 9,63,49,69,34,34,37,34,38,114,114,126,109,108,97,106,95,99,91,162,165,222,211,400,385,455,307,296,275,249,204,275,270,262,223,218,218,284,282,281,220,210,222,256,245,324,336,400,407,1107,1022,1131,1127,1662,1627,1453,941]} 1. e4 d5 2. exd5 Nf6 3. d4 Nxd5 4. c4 Nb6 5. Nf3 Bg4 {LiveBook: 179 Games} 6. h3 {B01: Scandinavian Defence} (6. c5 N6d7 7. Be2 e6 8. Be3 Nc6 9. O-O Be7 10. Nc3 O-O 11. a3 Nf6 12. h3 Bh5 13. b4 a6 14. Qd2 Nd5 15. Rad1 {0-1 (49) Janik,I (2420)-Pakleza,Z (2503) Katowice 2018}) 6... Bxf3 7. Qxf3 Nc6 8. d5 {White is slightly better.} Ne5 ({Better is} 8... Nd4 $14 9. Qe4 e5) 9. Qe4 $16 Ned7 10. Nc3 $146 ({Predecessor:} 10. Bd3 Nc5 11. Qe2 c6 12. Nc3 Nxd3+ 13. Qxd3 e6 {0-1 (46) Bajorski,M (1211)-Helle,S (1438) Willingen 2008}) 10... Nf6 11. Qf3 e6 {[#]} 12. dxe6 $1 Qe7 13. Be3 $36 {[%mdl 2048] Black must now prevent c5. White is really pushing.} Qxe6 (13... O-O-O $16 {is a better defense.}) 14. O-O-O $18 (14. Qxb7 $6 Bc5 $14) 14... Be7 {[#]} (14... Bb4 $142) 15. Nb5 $1 {[%cal Rb5c7]} (15. Qxb7 O-O $14) 15... Bd8 $2 (15... Qc8 16. Bf4 O-O 17. Nxc7 Rb8) 16. Qxb7 Nfd7 17. Bxb6 Nxb6 18. c5 (18. Nxc7+ Bxc7 19. Qxc7 O-O $16) 18... O-O 19. cxb6 Qxa2 20. Nc3 ({And not} 20. Nxc7 Bf6 $17) ({Don't play} 20. bxc7 $6 Bg5+ 21. Kc2 (21. f4 Bxf4+ 22. Kc2 Qa4+ 23. b3 Qa2+ 24. Kc3 Be5+ 25. Nd4 Rac8 $16) 21... Qa4+ 22. b3 Qa2+ 23. Kc3 Bf6+ 24. Nd4 Qxf2 $18) (20. bxa7 Bg5+ 21. Kc2 Qa4+ 22. b3 Qa2+ 23. Kc3 c6 $11) 20... Qb3 21. Qd5 Qxb6 22. Qd4 Qh6+ 23. Kc2 Bf6 24. Qc4 Rab8 25. b3 c5 26. Rd6 {[%cal Bd1d6,Bd6c6,Bc6c8][%mdl 32] Strongly threatening Ne4.} Rb4 27. Qxc5 Rfb8 28. Rc6 {And now Rc8+ would win.} Qf4 (28... Rd8 $142 29. Nd5 (29. Qxb4 $2 {perishes.} Qd2+ 30. Kb1 Qe1+ 31. Nd1 Rxd1+ 32. Kc2 Qxb4 $19) 29... Qg6+ 30. Bd3 Qxg2 31. Nxf6+ gxf6) 29. Nd5 {White is clearly winning.} Qf5+ 30. Bd3 Qe5 31. Rc8+ Bd8 32. Nxb4 {Precision: White = 72%, Black = 39%.} 1-0

[Event "22nd OIBM 2018"]
[Site "Gmund am Tegernsee"]
[Date "2018.10.27"]
[Round "1"]
[White "Baldauf, Marco"]
[Black "Rueberg, Jobst"]
[Result "1-0"]
[WhiteElo "2472"]
[BlackElo "2101"]
[Annotator "TA"]
[PlyCount "93"]
[EventDate "2018.10.27"]
[EventType "swiss"]
[EventCountry "GER"]
[SourceTitle "playchess.com"]
[Source "ChessBase"]
[SourceQuality "1"]

{[%evp 24,93,37,52,49,40,60,52,54,42,52,38,35,31,34,30,28,14,93,27,33,22,30,-27,0,0,57,0,59,0,39,-29,-12,-27,0,0,32,0,0,-37,-47,-59,0,-51,-45,-39,0,-30,-27,-18,67,56,53,21,17,0,127,118,174,162,575,533,1717,1637,2149,2067,29975,29976,29972,29967,5722,5631]} 1. d4 Nf6 2. c4 d6 3. Nc3 Nbd7 4. e4 e5 5. Nf3 Be7 6. g3 O-O 7. Bg2 c6 8. O-O Re8 9. h3 a6 10. a4 a5 11. Be3 exd4 12. Nxd4 Nc5 13. Qc2 {LiveBook: 24 Games} Bd7 {[#] A55: Old Indian Defence with Nf3 and e4} 14. Rfe1 $146 ({Predecessor:} 14. Rad1 Qb6 15. Rfe1 Rad8 16. Kh2 Bc8 17. f4 Bf8 18. Bf2 g6 19. Re2 Qc7 20. Rde1 Bg7 21. Bf3 {0-1 (60) Moskalenko,V (2569)-Avdeenko,T (2204) Tomsk 2008}) 14... Qc8 15. Kh2 Qc7 {White is slightly better.} 16. f4 Bf8 17. Bf2 Rad8 18. Rad1 Bc8 19. Kh1 g6 20. g4 Ne6 (20... Bg7 $11) 21. Nde2 (21. Nxe6 $16 fxe6 22. Qd2) 21... Nd7 $11 22. Bg3 Nec5 23. g5 (23. Nd4 $142) 23... Nb6 24. b3 Na6 (24... Bg7 $11) 25. Nd4 (25. f5 $14) 25... Nb4 (25... Bg7 $11) 26. Qb1 (26. Qf2 $1 $14) 26... Nd7 27. Re3 (27. f5 $14) 27... Bg7 28. Nce2 Qb6 29. Bf2 Qc7 30. Rd2 Nc5 31. Qg1 Qe7 32. Ng3 Qc7 ({Black should play} 32... f6 $15 33. gxf6 Bxf6) 33. h4 ({Better is} 33. Nge2 $11) 33... Bxd4 34. Rxd4 Ne6 35. Rf3 Nxd4 36. Bxd4 Rd7 (36... Bg4 $11 37. Rf1 c5) 37. Bb2 {[%mdl 1024] White has compensation.} c5 $1 38. Qc1 {Threatening Qc3.} Nc6 $1 39. Rd3 ({Don't play} 39. Qc3 Nd4 $15) 39... Qb6 (39... Nd4 $1 $11 {keeps the balance.}) 40. Ne2 $40 {[%mdl 128] White has strong attack.} f5 (40... Rde7 $16) 41. gxf6 {And now Rg3 would win.} Kf7 $2 (41... Rf7) 42. f5 $18 Ne5 {[#]} 43. Qh6 $1 {[%csl Gf6][%cal Rh6g7][%mdl 512]} Rg8 44. Bxe5 dxe5 45. Rxd7+ Bxd7 46. Qxh7+ Kxf6 47. Qxg8 {Precision: White = 30%, Black = 25%.} 1-0

[Event "22nd OIBM 2018"]
[Site "Gmund am Tegernsee"]
[Date "2018.10.27"]
[Round "1"]
[White "Perske, Thore"]
[Black "Yakimenko, Alexander A."]
[Result "1-0"]
[WhiteElo "2454"]
[BlackElo "2101"]
[Annotator "TA"]
[PlyCount "74"]
[EventDate "2018.10.27"]
[EventType "swiss"]
[EventCountry "GER"]
[SourceTitle "playchess.com"]
[Source "ChessBase"]
[SourceQuality "1"]

{[%evp 19,74,52,54,47,53,22,47,19,76,54,79,57,65,67,64,41,41,64,102,111,168,168,177,171,169,164,168,143,143,98,146,141,148,127,218,198,293,295,244,205,411,237,278,258,249,228,214,221,317,198,189,193,230,228,372,365,1904]} 1. e4 e6 2. d4 d5 3. Nd2 Nc6 4. Ngf3 Nf6 5. e5 Nd7 6. Bd3 Nb4 7. Be2 c5 8. c3 Nc6 9. O-O Qb6 {C04: French Tarrasch: 3...Nc6} (9... a5 10. a4 Be7 11. Nb1 O-O 12. Na3 cxd4 13. cxd4 f6 14. exf6 Nxf6 15. Nb5 Bd7 16. Re1 Ne4 17. Bd3 {1-0 (25) Nisipeanu,L (2687)-Richter,M (2505) Germany 2016}) 10. Nb3 a5 {LiveBook: 4 Games} 11. a4 Be7 {White is slightly better.} 12. h4 $146 {[%cal Bh2h4,Bh4h5,Bh5h6][%mdl 32]} ({Predecessor:} 12. Rb1 Qc7 13. Be3 O-O 14. Rc1 c4 15. Nbd2 f6 16. exf6 Nxf6 17. h3 {1-0 (38) Elistratov,S (2406)-Yakimenko,A (2142) St Petersburg 2017}) 12... Qd8 13. h5 c4 (13... cxd4 $11 {remains equal.} 14. cxd4 (14. Nbxd4 Ncxe5 15. Nxe5 Nxe5 $11) 14... O-O) 14. Nbd2 f6 {[%cal Rf6e5]} 15. exf6 Nxf6 16. h6 g6 17. b3 cxb3 18. Nxb3 Ne4 19. Qc2 b6 (19... Ng5 $16 {might work better.}) 20. Bd3 Ba6 21. Bxa6 ({Don't play} 21. Bxe4 $6 Bxf1 22. Bxg6+ hxg6 $16) 21... Rxa6 22. Nbd2 Nd6 23. Re1 Qc8 24. Qd3 O-O 25. Rxe6 Qxe6 26. Qxa6 Ne4 (26... g5 $16) 27. Qe2 ({Not} 27. Qxb6 Rb8 $11) 27... Qg4 {[#]} (27... Nd8 {is a better defense.}) 28. Nxe4 $1 $18 dxe4 29. Qc4+ Kh8 $2 (29... Rf7 {keeps fighting.} 30. d5 (30. Qxc6 $2 exf3 31. Qa8+ Bf8 $19) 30... Nb8) 30. Nh2 (30. d5 $142) 30... Qf5 31. Qe2 Bd6 32. Be3 Ne7 33. c4 Qd7 (33... Qh5 {was worth a try.} 34. Qxh5 gxh5) 34. Qc2 Nf5 35. Qxe4 Re8 36. Qd5 Qc7 (36... Rd8 $142 37. Nf3 Bf8) 37. Ng4 Ne7 $2 {Precision: White = 65%, Black = 31%.} (37... Qd8 38. Rb1 Bb4) 1-0

[Event "22nd OIBM 2018"]
[Site "Gmund am Tegernsee"]
[Date "2018.10.27"]
[Round "1"]
[White "Hoffmann, Michael"]
[Black "Kastek, Thomas"]
[Result "1-0"]
[WhiteElo "2441"]
[BlackElo "2096"]
[Annotator "TA"]
[PlyCount "43"]
[EventDate "2018.10.27"]
[EventType "swiss"]
[EventCountry "GER"]
[SourceTitle "playchess.com"]
[Source "ChessBase"]
[SourceQuality "1"]

{[%evp 24,43,18,11,47,31,68,69,98,83,193,169,249,170,224,211,210,204,329,318,492,487]} 1. c4 e6 2. g3 d5 3. Bg2 Nf6 4. Nf3 Be7 5. O-O O-O 6. d4 c6 7. Qc2 b6 8. Nbd2 Bb7 9. e4 {[%cal Be2e4,Be4e5][%mdl 32]} Na6 10. a3 {E06: Katalanisch} c5 11. cxd5 (11. exd5 exd5 12. dxc5 Nxc5 13. b4 Ne6 14. Bb2 Rc8 15. Ne5 Qc7 16. Rac1 d4 17. Bxb7 Qxb7 {½-½ (25) Donchenko,A (2588)-Eljanov,P (2706) Biel 2018}) 11... exd5 12. e5 Nd7 13. Re1 {LiveBook: 4 Partien} Rc8 {[#]} 14. Nf1 $146 ({Vorgänger:} 14. h4 cxd4 15. Qd1 Nac5 16. Nb3 Nxb3 17. Qxb3 Nc5 {1-0 (41) Stocek,J (2567)-Sadikhov,U (2477) Batumi 2018}) 14... cxd4 15. Qd1 $1 {[#]} d3 $1 {[%mdl 512] [#]} 16. b4 $1 (16. Qxd3 Ndc5) 16... Qc7 (16... Re8 $16 {ist eine bessere Verteidigung.}) 17. Qxd3 $18 Rfd8 (17... Qd8 $142 18. Nd4 Nc7) 18. Bg5 Bxg5 (18... Nf8 {war einen Versuch wert.} 19. Rac1 Qd7) 19. Nxg5 Nf8 20. Bh3 Qc3 (20... h6 $142) 21. Qf5 Rc7 {[#]} (21... Qc7 {kämpft weiter.} 22. Qd3 Qc3) 22. Rac1 $1 {[%mdl 512]} 1-0

[Event "22nd OIBM 2018"]
[Site "Gmund am Tegernsee"]
[Date "2018.10.27"]
[Round "1"]
[White "Souleidis, Georgios"]
[Black "Lochte, Thomas"]
[Result "1-0"]
[WhiteElo "2436"]
[BlackElo "2095"]
[Annotator "TA"]
[PlyCount "71"]
[EventDate "2018.10.27"]
[EventType "swiss"]
[EventCountry "GER"]
[SourceTitle "playchess.com"]
[Source "ChessBase"]
[SourceQuality "1"]

{[%evp 29,71,132,130,135,252,156,184,33,247,187,270,225,309,285,371,366,855,843,972,585,570,518,1855,1609,1276,608,571,568,623,423,628,621,779,662,701,668,1865,1694,1299,1079,29991,29992,29992,29993]} 1. e4 e5 2. Nf3 Nc6 3. Bc4 Nf6 4. Ng5 d5 5. exd5 Nd4 6. c3 b5 7. Bf1 Nxd5 8. cxd4 Qxg5 9. Bxb5+ Kd8 10. O-O Bb7 11. Qf3 Rb8 {C57: Two Knights: Wilkes-Barre/Traxler and 4 Ng5 d5 5 exd5, unusual Black 5th moves} (11... exd4 12. Re1 Bd6 13. d3 Qf6 14. Qg4 Bc8 15. Qe4 c6 16. Bxc6 Bxh2+ 17. Kxh2 Qxc6 18. Qxd4 Re8 19. Bg5+ {1-0 (35) Saric,I (2567)-Georgiev,K (2685) Khanty-Mansiysk 2010}) 12. dxe5 Nb4 13. d4 Qg6 14. d5 Bxd5 15. Rd1 Rxb5 {LiveBook: 3 Games} 16. Nc3 $1 {[%csl LRb5,LRd5]} Qc6 (16... Kc8 $16 17. Rxd5 (17. Nxd5 Qc6 $16) 17... Rxd5 18. Nxd5 Qc6) 17. Nxb5 Qxb5 {[#]} 18. Qxf7 $2 ({White has to play} 18. Qf5 $1 $18 Be7 19. a3) 18... Be7 $146 (18... Kc8 $14 19. Qf5+ Qd7 20. Qxd7+ Kxd7) ({Predecessor:} 18... Kc8 19. Qf5+ {½-½ (36) Veinger,I-Gutop,Y ICCF corr 1995}) 19. Qxg7 Re8 (19... Qe8 {keeps fighting.}) 20. Qxh7 $18 Qe2 {[%cal Re2d1]} 21. Bf4 Qg4 {[%csl Gd5][%cal Rg4g2] [#]} 22. Bg3 Rf8 $2 (22... Kc8 23. a3 Be4) 23. a3 Rxf2 24. Rxd5+ Nxd5 25. Qd3 Rxb2 (25... Rf5 $142 26. Qxd5+ Ke8) 26. Qxd5+ Kc8 27. Rc1 (27. e6 $142 Qg5 28. Qd7+ Kb7 29. Qxc7+ Ka6 30. Qc8+ Rb7 31. Rc1) 27... Bg5 28. Rf1 {Threatening mate with Rf8+.} Qd7 29. Qa8+ Rb8 30. Qe4 Be7 31. e6 Qb5 32. Rc1 Bc5+ 33. Kh1 Qb2 34. Qf4 {[%csl Gg3][%cal Rf4c7]} Bd6 35. Rxc7+ Kxc7 36. Qxd6+ {Precision: White = 58%, Black = 17%.} 1-0

[Event "22nd OIBM 2018"]
[Site "Gmund am Tegernsee"]
[Date "2018.10.27"]
[Round "1"]
[White "Meins, Gerlef"]
[Black "Yi, Danny"]
[Result "1-0"]
[WhiteElo "2408"]
[BlackElo "2092"]
[Annotator "TA"]
[PlyCount "107"]
[EventDate "2018.10.27"]
[EventType "swiss"]
[EventCountry "GER"]
[SourceTitle "playchess.com"]
[Source "ChessBase"]
[SourceQuality "1"]

{[%evp 20,107,-1,-26,22,-10,33,22,38,26,31,35,81,61,74,68,81,29,140,79,65,74,64,62,66,38,41,49,35,40,40,35,43,58,62,35,56,52,180,162,166,162,177,110,109,74,139,151,156,154,99,118,265,261,264,200,207,200,200,192,196,190,193,190,313,263,253,243,211,241,433,426,662,323,833,745,854,844,801,801,1083,1076,1035,1020,930,917,1487,1212,1286,1244]} 1. Nf3 Nf6 2. c4 g6 3. Nc3 d5 4. cxd5 Nxd5 5. Qb3 Nb6 6. d4 Bg7 7. Bf4 Be6 8. Qc2 Nc6 9. e3 O-O 10. Be2 Nb4 11. Qd1 {LiveBook: 5 Games} N4d5 {D90: Grünfeld: 4 Nf3 Bg7 sidelines} (11... Rc8 12. a3 N4d5 13. Nxd5 Nxd5 14. Bg3 c5 15. e4 Nb6 16. d5 Bg4 17. Qc2 c4 18. O-O Nd7 19. h3 Bxf3 20. Bxf3 {0-1 (41) Mesaros,F (2324)-Maghsoodloo,P (2501) Poprad 2016}) 12. Be5 f6 $146 ({Predecessor:} 12... Nxc3 13. bxc3 c5 14. Bxg7 Kxg7 15. O-O Nd5 16. c4 Nc3 17. Qc2 Nxe2+ 18. Qxe2 cxd4 19. exd4 {½-½ (75) Tsyganov,I (2265)-Haessel,D (2152) Chicago 2007}) 13. Bg3 Rc8 {The position is equal.} 14. e4 Nxc3 15. bxc3 Kh8 16. O-O Bg8 17. a4 c5 18. a5 (18. Rb1 $16) 18... Nd7 (18... Nc4 $11) 19. a6 (19. Qb1 $142) 19... b6 $16 20. Bb5 cxd4 21. cxd4 Bc4 22. Qa4 Bxf1 23. Rxf1 Nb8 24. d5 $36 {[%mdl 3072] White has compensation. White fights for an advantage.} f5 25. Ng5 f4 $1 {[%cal Rf4g3]} 26. Ne6 Qd6 27. Bh4 h6 28. f3 Be5 (28... Rg8 $14) 29. Nxf8 Rxf8 {[#]} 30. Rc1 $1 e6 31. dxe6 (31. Rd1 $18) 31... Qxe6 32. Qc4 Qd6 (32... Qxc4 $142 33. Rxc4 Kg7) 33. Qd5 Qxd5 34. exd5 g5 35. Bf2 {Hoping for Re1.} Rd8 {[#]} (35... Kg7 $16 {keeps fighting.}) 36. d6 $1 $18 {[%mdl 512]} Rxd6 37. Rc8+ Kg7 38. Rc7+ Kf6 {Threatens to win with ...Rd1+.} 39. Rxa7 {Rb7 is the strong threat.} Rd1+ 40. Bf1 {Strongly threatening Rb7.} Nc6 41. Rb7 Nd4 (41... Bd4 {was worth a try.} 42. Rh7 Ke6 43. Rxh6+ Kd5) 42. g4 ({Not} 42. Rxb6+ Kf5 $16) 42... Nxf3+ 43. Kg2 Nh4+ 44. Bxh4 $1 f3+ $2 (44... gxh4 {was called for.} 45. a7 (45. Rxb6+ Kg5 $16) 45... f3+ 46. Kf2 (46. Kxf3 Rxf1+ 47. Ke4 Re1+ 48. Kd5 Rd1+ 49. Kc4 Ra1 $17) 46... Bd4+ 47. Kxf3 Rxf1+ 48. Ke4 Ra1) 45. Kxf3 Rxf1+ {[%mdl 4096] Endgame KRB-KRB} (45... gxh4 $142 46. Bb5 Kg5) 46. Kg2 (46. Bf2 $142) 46... Rc1 $2 (46... Ra1) 47. Bf2 {White is clearly winning.} Rc8 48. a7 Ra8 49. Rxb6+ Kg7 50. Re6 Bf6 51. Ra6 Be5 52. h3 Bf6 53. Kf3 Kf7 54. Ke4 {Precision: White = 67%, Black = 34%.} 1-0

[Event "22nd OIBM 2018"]
[Site "Gmund am Tegernsee"]
[Date "2018.10.27"]
[Round "1"]
[White "Zajogin, Alexander"]
[Black "Proschmann, Tino"]
[Result "1-0"]
[WhiteElo "2408"]
[BlackElo "2091"]
[Annotator "NA"]
[PlyCount "81"]
[EventDate "2018.10.27"]
[EventType "swiss"]
[EventCountry "GER"]
[SourceTitle "playchess.com"]
[Source "ChessBase"]
[SourceQuality "1"]
[TimeControl "40/5400+30:1800+30"]

1. d4 {[%emt 0:00:00]} d5 {[%emt 0:00:00]} 2. c4 {[%emt 0:00:00]} c6 {[%emt 0:00:00]} 3. Nc3 {[%emt 0:01:32]} dxc4 {[%emt 0:00:05]} 4. e3 {[%emt 0:00:33]} b5 {[%emt 0:00:34]} 5. a4 {[%emt 0:03:57]} b4 {[%emt 0:00:23]} 6. Nb1 {[%emt 0:01:51]} Ba6 {[%emt 0:02:08]} 7. Nf3 {[%emt 0:01:46]} Qa5 {[%emt 0:06:18]} 8. Be2 {[%emt 0:08:04]} c3 {[%emt 0:05:10]} 9. bxc3 {[%emt 0:02:22]} Bxe2 {[%emt 0:10:37]} 10. Qxe2 {[%emt 0:00:59]} Qa6 {[%emt 0:00:28]} 11. cxb4 {[%emt 0:00:56]} Qxe2+ {[%emt 0:02:12]} 12. Kxe2 {[%emt 0:00:09]} Na6 {[%emt 0:00:16]} 13. b5 {[%emt 0:01:43]} cxb5 {[%emt 0:06:13]} 14. axb5 {[%emt 0:00:12]} Nc7 {[%emt 0:00:42]} 15. Nc3 {[%emt 0:00:12]} e6 {[%emt 0:03:25]} 16. Ba3 {[%emt 0:00:55]} Bxa3 {[%emt 0:09:10]} 17. Rxa3 {[%emt 0:00:18]} Ne7 {[%emt 0:00:58]} 18. Rha1 {[%emt 0:03:43]} Nc8 {[%emt 0:06:36]} 19. Ne5 {[%emt 0:00:48]} Rb8 {[%emt 0:08:44]} 20. Rxa7 {[%emt 0:04:25]} Nxa7 {[%emt 0:06:20]} 21. Rxa7 {[%emt 0:00:11]} Nxb5 {[%emt 0:14:08]} 22. Nxb5 {[%emt 0:00:17]} O-O {[%emt 0:00:10]} 23. Nd6 {[%emt 0:01:09]} f6 {[%emt 0:05:17]} 24. Nd7 {[%emt 0:02:15]} Rb2+ {[%emt 0:00:36]} 25. Kf3 {[%emt 0:00:10]} Rd8 {[%emt 0:01:13]} 26. Ne4 {[%emt 0:00:35]} Rc8 {[%emt 0:01:32]} 27. Ndxf6+ {[%emt 0:07:47]} gxf6 {[%emt 0:00:15]} 28. Nxf6+ {[%emt 0:00:03]} Kf8 {[%emt 0:00:32]} 29. Nxh7+ {[%emt 0:00:06]} Kg8 {[%emt 0:01:31]} 30. Nf6+ {[%emt 0:00:15]} Kf8 {[%emt 0:00:19]} 31. g4 {[%emt 0:00:10]} Rcc2 {[%emt 0:02:10]} 32. Ne4 {[%emt 0:00:26]} Rb5 {[%emt 0:02:48]} 33. g5 {[%emt 0:05:46]} Rf5+ {[%emt 0:00:40]} 34. Kg4 {[%emt 0:00:17]} Rc1 {[%emt 0:01:24]} 35. Kh5 {[%emt 0:03:14]} Rf7 {[%emt 0:01:12]} 36. Ra8+ {[%emt 0:00:24]} Kg7 {[%emt 0:00:30]} 37. Nf6 {[%emt 0:01:30]} Rb7 {[%emt 0:01:13]} 38. Rg8+ {[%emt 0:00:14]} Kf7 {[%emt 0:00:11]} 39. Kh6 {[%emt 0:00:14]} Rb2 {[%emt 0:00:38]} 40. Rg7+ {[%emt 0:00:13]} Kf8 {[%emt 0:00:17]} 41. Kg6 {[%emt 0:30:12]} 1-0